<?xml version="1.0" encoding="UTF-8"?><?xml-stylesheet type="text/xsl" href="static/style.xsl"?><OAI-PMH xmlns="http://www.openarchives.org/OAI/2.0/" xmlns:xsi="http://www.w3.org/2001/XMLSchema-instance" xsi:schemaLocation="http://www.openarchives.org/OAI/2.0/ http://www.openarchives.org/OAI/2.0/OAI-PMH.xsd"><responseDate>2026-04-29T04:09:59Z</responseDate><request verb="GetRecord" identifier="oai:repisalud.isciii.es:20.500.12105/19177" metadataPrefix="marc">https://repisalud.isciii.es/rest/oai/request</request><GetRecord><record><header><identifier>oai:repisalud.isciii.es:20.500.12105/19177</identifier><datestamp>2024-05-26T20:35:23Z</datestamp><setSpec>com_20.500.12105_2203</setSpec><setSpec>com_20.500.12105_2202</setSpec><setSpec>col_20.500.12105_19585</setSpec></header><metadata><record xmlns="http://www.loc.gov/MARC21/slim" xmlns:dcterms="http://purl.org/dc/terms/" xmlns:doc="http://www.lyncode.com/xoai" xmlns:xsi="http://www.w3.org/2001/XMLSchema-instance" xsi:schemaLocation="http://www.loc.gov/MARC21/slim http://www.loc.gov/standards/marcxml/schema/MARC21slim.xsd">
   <leader>00925njm 22002777a 4500</leader>
   <datafield ind2=" " ind1=" " tag="042">
      <subfield code="a">dc</subfield>
   </datafield>
   <datafield ind2=" " ind1=" " tag="720">
      <subfield code="a">Instituto de Salud Carlos III. Gabinete de prensa</subfield>
      <subfield code="e">author</subfield>
   </datafield>
   <datafield ind2=" " ind1=" " tag="260">
      <subfield code="c">2024-04-18</subfield>
   </datafield>
   <datafield ind2=" " ind1=" " tag="520">
      <subfield code="a">Un estudio realizado por investigadores del Instituto de Salud Carlos III (ISCIII), concluye que la vacunación prenatal frente a la tosferina ha demostrado ser fundamental para reducir significativamente la gravedad de la enfermedad en los menores de tres meses. La investigación evaluó el impacto de esta estrategia preventiva mediante el análisis de las tasas y duración de las hospitalizaciones por tosferina entre 2005 y 2019. El estudio concluye que la introducción en 2015 de la vacunación prenatal de la tosferina en España ha permitido reducir las tasas de hospitalización y la duración de los ingresos hospitalarios en menores de 3 meses. Los autores del trabajo, Andrea Parisi, Olivier Núñez, Noemí López-Perea y Josefa Masa-Calles, del Centro Nacional de Epidemiología del ISCIII, enfatizan la necesidad de continuar con la sensibilización dirigida tanto a profesionales de la salud como a la población, para asegurar una cobertura vacunal alta entre las embarazadas y mejorar estos resultados.</subfield>
   </datafield>
   <datafield ind1="8" ind2=" " tag="024">
      <subfield code="a">Noticia publicada en la web del ISCIII el 18/04/2024.</subfield>
   </datafield>
   <datafield ind1="8" ind2=" " tag="024">
      <subfield code="a">http://hdl.handle.net/20.500.12105/19177</subfield>
   </datafield>
   <datafield tag="653" ind2=" " ind1=" ">
      <subfield code="a">Tosferina</subfield>
   </datafield>
   <datafield tag="653" ind2=" " ind1=" ">
      <subfield code="a">Bordetella pertussis</subfield>
   </datafield>
   <datafield tag="653" ind2=" " ind1=" ">
      <subfield code="a">Embarazadas</subfield>
   </datafield>
   <datafield tag="653" ind2=" " ind1=" ">
      <subfield code="a">Vacunas</subfield>
   </datafield>
   <datafield tag="653" ind2=" " ind1=" ">
      <subfield code="a">Vacunación prenatal</subfield>
   </datafield>
   <datafield tag="653" ind2=" " ind1=" ">
      <subfield code="a">Campañas de vacunación</subfield>
   </datafield>
   <datafield tag="653" ind2=" " ind1=" ">
      <subfield code="a">España</subfield>
   </datafield>
   <datafield ind2="0" ind1="0" tag="245">
      <subfield code="a">La vacuna prenatal frente a la tosferina reduce en España la gravedad de la enfermedad en recién nacidos</subfield>
   </datafield>
</record></metadata></record></GetRecord></OAI-PMH>